NBA Players from France - Statistics

General Stats
  • This quiz has been taken 69 times
    14 since last reset
  • The average score is 19 of 57
Answer Stats
Position Player Years Played % Correct
F Victor Wembanyama 2023-Present
100%
G Tony Parker 2001-2019
92%
FC Alex Sarr 2024-Present
85%
F Nicolas Batum 2008-Present
85%
FC Olivier Sarr 2021-2024
77%
C Rudy Gobert 2013-Present
69%
FC Joakim Noah 2007-2020
62%
F Zaccharie Risacher 2024-Present
62%
GF Bilal Coulibaly 2023-Present
54%
PF Boris Diaw 2003-2017
54%
PG Frank Ntilikina 2017-2024
54%
PF Guerschon Yabusele 2017-2019, 2024-Present
54%
G Killian Hayes 2020-2024
54%
SG Evan Fournier 2012-2024
46%
GF Mickaël Piétrus 2003-2013
46%
PF Moussa Diabaté 2022-Present
38%
G Nando de Colo 2012-2014
38%
F Antoine Rigaudeau 2003
31%
PG Élie Okobo 2018-2020
31%
C Johan Petro 2005-2013
31%
C Maxime Raynaud 2025-Present
31%
F Mickaël Gelabale 2006-2008, 2013
31%
PF Mohamed Diawara 2025-Present
31%
GF Noah Penda 2025-Present
31%
PG Nolan Traoré 2025-Present
31%
SG Ousmane Dieng 2022-Present
31%
G Rayan Rupert 2023-2026
31%
GF Sidy Cissoko 2023-Present
31%
SF Tariq Abdul-Wahad 1997-2003
31%
F Tidjane Salaün 2024-Present
31%
F Timothé Luwawu-Cabarrot 2016-2022
31%
C Alexis Ajinça 2008-2018
23%
SF Armel Traoré 2024-2025
23%
FC Jérôme Moïso 2000-2005
23%
C Joan Beringer 2025-Present
23%
PF Joffrey Lauvergne 2015-2018
23%
FC Kevin Séraphin 2010-2017
23%
PF Noa Essengue 2025-Present
23%
SF Pacôme Dadiet 2024-Present
23%
FC Ronny Turiaf 2006-2014
23%
SF Yakhouba Diawara 2006-2010
23%
C Ian Mahinmi 2007-2020
15%
C Killian Tillie 2020-2022
15%
C Petr Cornelie 2021-2022
15%
G Rodrigue Beaubois 2009-2013
15%
SG Adam Mokoka 2019-2021
8%
SG Axel Toupane 2016-2017, 2021
8%
PF Damien Inglis 2014-2016
8%
PF Jaylen Hoard 2019-2022
8%
SF Pape Sy 2010-2011
8%
F Sekou Doumbouya 2019-2022
8%
C Vincent Poirier 2019-2021
8%
F William Howard 2019-2020
8%
G Joël Ayayi 2021-2022
0%
G Malcolm Cazalon 2023-2024
0%
PG Théo Maledon 2020-2024
0%
PF Yves Pons 2021-2022
0%
No matching quizzes found
Score Distribution
Percent of People with Each Score
Percentile by Number Answered
Your Score History
You have not taken this quiz since the last reset